Normal view
MARC view
Entry Topical Term
001 - CONTROL NUMBER
- control field: 50799
003 - CONTROL NUMBER IDENTIFIER
- control field: ARRUPE
005 - DATE AND TIME OF LATEST TRANSACTION
- control field: 20211028113715.0
008 - FIXED-LENGTH DATA ELEMENTS
- fixed length control field: 211028|| aca||aabn | a|a d
040 ## - CATALOGING SOURCE
- Original cataloging agency: ARRUPE
- Transcribing agency: ARRUPE
150 ## - HEADING--TOPICAL TERM
- Topical term or geographic name as entry element: Communication of technical information
670 ## - SOURCE DATA FOUND
- Source citation: Work cat.: (ARRUPE)0: Davis, Martha, 1935- 50797, Scientific papers and presentations /, c2005.